[Event "Stuttgarter Stadtmeisterschaft 2010 B"]
[Site "Ditzingen"]
[Date "2010.05.13"]
[Round "1.1"]
[White "Felser, Martin"]
[Black "Kean, Christopher"]
[Result "1-0"]
[WhiteElo "1894"]
[BlackElo "1661"]
[PlyCount "83"]
[EventDate "2010.??.??"]
[WhiteTeam "SK Marktoberdorf"]
[BlackTeam "SC Leinfelden"]

1. c4 e5 2. g3 Nf6 3. Bg2 d5 4. d3 Be6 5. Nd2 Bb4 6. Qa4+ Nc6 7. a3 Bxd2+ 8.
Bxd2 O-O 9. Rd1 Qd7 10. Bg5 Ne8 11. cxd5 Bxd5 12. Nf3 f6 13. Bc1 Qe6 14. Qh4
Nd4 15. Nxd4 exd4 16. Bh3 Qe7 17. Rg1 Bf3 18. Rd2 c5 19. Kf1 Bc6 20. Bg2 Bxg2+
21. Kxg2 Nd6 22. Rc2 b6 23. Re1 g5 24. Qg4 Qb7+ 25. f3 Qf7 26. h4 h5 27. Qh3
gxh4 28. Qxh4 Kg7 29. Qf4 Rad8 30. Rh1 Rh8 31. Kf2 Kf8 32. b4 Nb7 33. a4 Kg7
34. Bd2 Rd7 35. Rcc1 Qb3 36. g4 h4 37. g5 Rd6 38. Rcg1 Kf7 39. Rxh4 Rxh4 40.
g6+ Kg7 41. Qxh4 Qg8 42. Qh6# 1-0

[Event "Stuttgarter Stadtmeisterschaft 2010 B"]
[Site "Ditzingen"]
[Date "2010.05.13"]
[Round "1.2"]
[White "Filenberg, Maksim"]
[Black "Rieder, Josef"]
[Result "1-0"]
[WhiteElo "1659"]
[BlackElo "1886"]
[PlyCount "43"]
[EventDate "2010.??.??"]
[WhiteTeam "SC Murrhardt 1948 e.V."]
[BlackTeam "Stuttgarter SF 1879"]

1. d4 d5 2. c4 c6 3. Nc3 g6 4. Nf3 Bg7 5. Bf4 Nf6 6. e3 Nbd7 7. Be2 O-O 8. O-O
Re8 9. cxd5 Nxd5 10. Nxd5 cxd5 11. Qb3 e6 12. Rac1 Nb8 13. Bb5 Rf8 14. Qa3 Qb6
15. Bd6 Nc6 16. Bxc6 bxc6 17. Bxf8 Bxf8 18. Qc3 Ba6 19. Qxc6 Bxf1 20. Qxa8 Qxb2
21. Rxf1 Qxa2 22. Ne5 1-0

[Event "Stuttgarter Stadtmeisterschaft 2010 B"]
[Site "Ditzingen"]
[Date "2010.05.13"]
[Round "1.3"]
[White "Ohnmacht, Simon"]
[Black "Trobonjaca, Milos"]
[Result "1-0"]
[WhiteElo "1883"]
[BlackElo "1658"]
[PlyCount "77"]
[EventDate "2010.??.??"]
[WhiteTeam "SC Mühlacker 1923 e.V."]
[BlackTeam "SC Waiblingen 1921"]

1. e4 c5 2. Nc3 Nc6 3. Nf3 e5 4. Bc4 d6 5. d3 h6 6. h3 Nf6 7. O-O Be7 8. Be3
O-O 9. Nd2 Bd7 10. f4 Na5 11. fxe5 dxe5 12. Nd5 b5 13. Nxf6+ Bxf6 14. Bd5 Rc8
15. Nb3 Be7 16. Qh5 Nxb3 17. axb3 Be6 18. Bxe6 fxe6 19. Rxf8+ Qxf8 20. Qxe5 Qf7
21. Rxa7 Rf8 22. Ra1 Qg6 23. Bxc5 Bxc5+ 24. Qxc5 Rf3 25. Kh1 Rf6 26. Qe3 Kh7
27. Qe2 Qg3 28. Rf1 Rg6 29. c4 b4 30. c5 Qg5 31. d4 e5 32. d5 Qe7 33. c6 Qc7
34. Qc4 Rd6 35. Qxb4 Rg6 36. Qb7 Qd8 37. c7 Qg5 38. Rg1 Qg3 39. c8=Q 1-0

[Event "Stuttgarter Stadtmeisterschaft 2010 B"]
[Site "Ditzingen"]
[Date "2010.05.13"]
[Round "1.4"]
[White "Hua, Qi Cheng"]
[Black "Cosic, Dzafer"]
[Result "0-1"]
[WhiteElo "1656"]
[BlackElo "1879"]
[PlyCount "60"]
[EventDate "2010.??.??"]
[WhiteTeam "SC Magstadt"]
[BlackTeam "SC Erdmannhausen"]

1. d4 g6 2. c4 Bg7 3. Nc3 d6 4. e4 Nc6 5. Be3 e5 6. d5 Nce7 7. c5 a6 8. Bd3 Nf6
9. f3 O-O 10. Nge2 Nh5 11. cxd6 cxd6 12. g4 Nf4 13. Nxf4 exf4 14. Bxf4 f5 15.
gxf5 gxf5 16. Be3 Ng6 17. Qc2 Ne5 18. O-O-O b5 19. Bd4 Bd7 20. Qg2 Kh8 21. Rhg1
Rf7 22. f4 Nxd3+ 23. Rxd3 Bxd4 24. Rxd4 fxe4 25. Rxe4 Bf5 26. Re2 Rc8 27. Kd1
b4 28. Na4 Qc7 29. Ke1 Qc4 30. Kf2 Qxf4+ 0-1

[Event "Stuttgarter Stadtmeisterschaft 2010 B"]
[Site "Ditzingen"]
[Date "2010.05.13"]
[Round "1.5"]
[White "Rühl, Volker"]
[Black "Ziegler, Michael"]
[Result "0-1"]
[WhiteElo "1866"]
[BlackElo "1656"]
[PlyCount "168"]
[EventDate "2010.??.??"]
[WhiteTeam "SAbt VfL Sindelfingen"]
[BlackTeam "SF 59 Kornwestheim"]

1. e4 c5 2. Nf3 Nc6 3. d4 cxd4 4. Nxd4 d6 5. c4 Bd7 6. Nc3 Nf6 7. Be2 g6 8. O-O
Bg7 9. Be3 O-O 10. Qd2 a6 11. Rfd1 Rc8 12. h3 Ne5 13. b3 Nc6 14. Rac1 Nxd4 15.
Bxd4 Bc6 16. Bf3 Nd7 17. Bg4 h5 18. Bxg7 Kxg7 19. Be2 Nf6 20. Qe3 Qa5 21. Rd3
Qc5 22. Nd5 Qxe3 23. Rxe3 Bxd5 24. exd5 Nxd5 25. Rg3 Nf6 26. Re3 Rfe8 27. Rd1
a5 28. Bf3 b6 29. Bb7 Rc7 30. Bf3 Kf8 31. Be2 Rd8 32. Red3 Ne8 33. f4 e6 34.
Bf3 Ke7 35. Kf2 Rc5 36. g4 hxg4 37. hxg4 Nc7 38. Re3 b5 39. cxb5 Nxb5 40. Rdd3
Rc2+ 41. Re2 Rxe2+ 42. Kxe2 Rc8 43. a4 Na7 44. Kd2 d5 45. f5 gxf5 46. gxf5 Rc5
47. Bg2 Kd6 48. Rg3 Nc6 49. Rg7 Ne5 50. Rh7 Rc8 51. Rh6 Rg8 52. Bh3 Rg3 53.
fxe6 Nf3+ 54. Kd1 fxe6 55. Bxe6 Ke5 56. Bd7 Nd4 57. Rh5+ Kd6 58. Be8 Rxb3 59.
Bf7 Rd3+ 60. Kc1 Nc6 61. Rh6+ Kc5 62. Kc2 Nb4+ 63. Kb2 Re3 64. Re6 Rxe6 65.
Bxe6 Kd4 66. Kc1 Nd3+ 67. Kc2 Nc5 68. Bf7 Nxa4 69. Kb3 Nc5+ 70. Kc2 Kc4 71. Kb2
Nd7 72. Ka3 Nb6 73. Kb2 Kb4 74. Kc2 a4 75. Kb2 d4 76. Bg6 a3+ 77. Kc2 Nc4 78.
Kb1 Kc3 79. Ka2 d3 80. Bxd3 Kxd3 81. Kb3 Kd2 82. Ka2 Kc1 83. Ka1 Kc2 84. Ka2
Kc3 0-1

[Event "Stuttgarter Stadtmeisterschaft 2010 B"]
[Site "Ditzingen"]
[Date "2010.05.13"]
[Round "1.6"]
[White "Bay, Johannes"]
[Black "Mages, Steffen"]
[Result "0-1"]
[WhiteElo "1650"]
[BlackElo "1865"]
[PlyCount "44"]
[EventDate "2010.??.??"]
[WhiteTeam "SC Murrhardt 1948 e.V."]
[BlackTeam "SK Schwäbisch Hall"]

1. e4 c5 2. f4 e6 3. Nc3 d5 4. Bb5+ Bd7 5. exd5 exd5 6. Qe2+ Ne7 7. Nxd5 Bc6 8.
Bxc6+ Nbxc6 9. Nxe7 Bxe7 10. Nf3 O-O 11. O-O Bf6 12. Rb1 Re8 13. Qb5 Nd4 14.
Nxd4 Qxd4+ 15. Kh1 a6 16. Qxb7 Qxf4 17. Qf3 Qc4 18. c3 Qxa2 19. Qd3 Rad8 20.
Qc2 Qc4 21. Rg1 Re2 22. b4 Qh4 0-1

[Event "Stuttgarter Stadtmeisterschaft 2010 B"]
[Site "Ditzingen"]
[Date "2010.05.13"]
[Round "1.7"]
[White "Luft, Jakob"]
[Black "Schöfzig, Winfried"]
[Result "1-0"]
[WhiteElo "1862"]
[BlackElo "1648"]
[PlyCount "63"]
[EventDate "2010.??.??"]
[WhiteTeam "SV Untertürkheim e.V."]
[BlackTeam "SC Affalterbach"]

1. e4 d6 2. d4 Nf6 3. Nd2 e5 4. c3 c6 5. Ngf3 Qc7 6. Bc4 Be7 7. O-O b5 8. Bd3
O-O 9. h3 a5 10. Re1 Nbd7 11. Nf1 h6 12. Ng3 Nb6 13. b3 a4 14. Bd2 Kh7 15. Qe2
axb3 16. axb3 Be6 17. d5 cxd5 18. exd5+ e4 19. Bxe4+ g6 20. dxe6 d5 21. Bd3 Bd6
22. Qe3 Ng8 23. Nd4 f5 24. Qf3 Be5 25. Nxb5 Qg7 26. Rxa8 Rxa8 27. Nxf5 Qf6 28.
Nfd4 Qg7 29. Qf7 Bf6 30. Bxg6+ Kh8 31. Nf5 Qxf7 32. exf7 1-0

[Event "Stuttgarter Stadtmeisterschaft 2010 B"]
[Site "Ditzingen"]
[Date "2010.05.13"]
[Round "1.8"]
[White "Häfele, Torsten"]
[Black "Hartmann, Lorenz"]
[Result "0-1"]
[WhiteElo "1640"]
[BlackElo "1860"]
[PlyCount "84"]
[EventDate "2010.??.??"]
[WhiteTeam "SVG Vaihingen/Enz"]
[BlackTeam "SC Heitersheim"]

1. e4 d6 2. Nf3 Nf6 3. Nc3 g6 4. d4 Bg7 5. h3 c5 6. dxc5 Qa5 7. Bd2 Qxc5 8. Bd3
O-O 9. O-O a6 10. Be3 Qc7 11. Qd2 b5 12. Bh6 Bb7 13. Bxg7 Kxg7 14. a3 Nbd7 15.
Rfe1 Nc5 16. Rac1 Rac8 17. Qe3 Ne6 18. e5 dxe5 19. Qxe5 Bxf3 20. Qxc7 Rxc7 21.
gxf3 Nf4 22. Bf1 Rd8 23. Rcd1 Rxd1 24. Rxd1 Rd7 25. Rxd7 Nxd7 26. Kh2 Ne5 27.
Kg3 Nh5+ 28. Kg2 Nf4+ 29. Kg3 Ne6 30. f4 Nc6 31. Nxb5 axb5 32. Bxb5 Ned4 33.
Bxc6 Nxc6 34. b4 Kf6 35. c4 Ke6 36. b5 Nd4 37. a4 Nb3 38. c5 Nxc5 39. a5 Ne4+
40. Kf3 Nd2+ 41. Ke2 Nc4 42. a6 Nb6 0-1

[Event "Stuttgarter Stadtmeisterschaft 2010 B"]
[Site "Ditzingen"]
[Date "2010.05.13"]
[Round "1.9"]
[White "Riegel, Frank"]
[Black "Mejerski, Stephan"]
[Result "1-0"]
[WhiteElo "1858"]
[BlackElo "1635"]
[PlyCount "59"]
[EventDate "2010.??.??"]
[WhiteTeam "SV Stuttgart-Wolfbusch 1956 e.V."]
[BlackTeam "SK Schmiden/Cannstatt"]

1. e4 c5 2. c4 Nc6 3. Nc3 d6 4. g3 Nf6 5. Bg2 Ne5 6. d3 Bd7 7. f4 Nc6 8. h3 e5
9. Nge2 Nd4 10. Be3 Qb6 11. Qd2 Be7 12. O-O Qc7 13. Rab1 Qc8 14. Kh2 h5 15. f5
Bd8 16. b4 b6 17. Bxd4 cxd4 18. Nd1 Rb8 19. Nb2 Bc6 20. Rfc1 Ba8 21. Qc2 Be7
22. a4 g6 23. fxg6 fxg6 24. Rf1 Bc6 25. c5 bxc5 26. Nc4 O-O 27. bxc5 dxc5 28.
Nxe5 Be8 29. Nf4 Kg7 30. Rxb8 1-0

[Event "Stuttgarter Stadtmeisterschaft 2010 B"]
[Site "Ditzingen"]
[Date "2010.05.13"]
[Round "1.10"]
[White "Kruck, Mathias"]
[Black "Michna, Marcus"]
[Result "1-0"]
[WhiteElo "1638"]
[BlackElo "1857"]
[PlyCount "43"]
[EventDate "2010.??.??"]
[WhiteTeam "SV Stuttgart-Wolfbusch 1956 e.V."]
[BlackTeam "SAbt TSF Ditzingen"]

1. c4 c5 2. Nf3 b6 3. g3 Bb7 4. Bg2 Nf6 5. Nc3 e6 6. O-O a6 7. e3 Qc7 8. b3 Be7
9. d4 cxd4 10. exd4 d6 11. Re1 O-O 12. Bb2 Re8 13. Rc1 Nbd7 14. Qd2 Rac8 15. d5
exd5 16. Nxd5 Nxd5 17. cxd5 Qb8 18. Nd4 Rxc1 19. Rxc1 Bf8 20. Nf5 Nc5 21. Qg5
Qd8 22. Nh6+ 1-0

[Event "Stuttgarter Stadtmeisterschaft 2010 B"]
[Site "Ditzingen"]
[Date "2010.05.13"]
[Round "1.11"]
[White "Ellinger, Harald"]
[Black "Pfeilsticker, Thorsten"]
[Result "1-0"]
[WhiteElo "1854"]
[BlackElo "1635"]
[PlyCount "73"]
[EventDate "2010.??.??"]
[WhiteTeam "SK e4 Gerlingen"]
[BlackTeam "SV Stuttgart-Wolfbusch 1956 e.V."]

1. Nf3 b5 2. e3 a6 3. d4 Bb7 4. Bd2 e6 5. a3 c5 6. dxc5 Bxc5 7. c4 bxc4 8. Bxc4
Nf6 9. Nc3 Nc6 10. O-O O-O 11. b4 Bd6 12. h3 Rc8 13. Be2 Bb8 14. b5 axb5 15.
Nxb5 Ne4 16. Rb1 Ne5 17. Bb4 Re8 18. Nxe5 Bxe5 19. Bf3 Nc3 20. Bxc3 Bxf3 21.
Qxf3 Bxc3 22. Nd6 Ra8 23. Qxf7+ Kh8 24. Qxe8+ Qxe8 25. Nxe8 Rxe8 26. Rb3 Be5
27. f4 Bf6 28. Rfb1 Kg8 29. Rb8 Kf7 30. Rxe8 Kxe8 31. Rb8+ Ke7 32. Kf2 Kd6 33.
Rb5 Kc6 34. a4 d5 35. Ke2 e5 36. fxe5 Bxe5 37. e4 1-0

[Event "Stuttgarter Stadtmeisterschaft 2010 B"]
[Site "Ditzingen"]
[Date "2010.05.13"]
[Round "1.12"]
[White "Hamm, Julian"]
[Black "Zikeli, Julia"]
[Result "1/2-1/2"]
[WhiteElo "1633"]
[BlackElo "1848"]
[PlyCount "43"]
[EventDate "2010.??.??"]
[WhiteTeam "Mönchfelder SV 1967"]
[BlackTeam "SG Schwäb.Gmünd 1872 e.V"]

1. c4 Nf6 2. Nc3 g6 3. g3 Bg7 4. Bg2 O-O 5. Nf3 d6 6. O-O e5 7. d3 Nc6 8. Bd2
Nh5 9. Rb1 f5 10. b4 f4 11. b5 Ne7 12. Qb3 Kh8 13. a4 Bd7 14. c5 d5 15. e4 d4
16. Ne2 h6 17. h3 g5 18. g4 Nf6 19. Nxe5 Nxe4 20. Nf7+ Rxf7 21. Bxe4 Qe8 22.
Bxb7 1/2-1/2

[Event "Stuttgarter Stadtmeisterschaft 2010 B"]
[Site "Ditzingen"]
[Date "2010.05.13"]
[Round "1.13"]
[White "Lörincz, Peter"]
[Black "Wendland, Tobias"]
[Result "1-0"]
[WhiteElo "1840"]
[BlackElo "1630"]
[PlyCount "77"]
[EventDate "2010.??.??"]
[WhiteTeam "SK Lauffen"]
[BlackTeam "SV Backnang"]

1. Nf3 Nf6 2. d4 d5 3. g3 e6 4. Bg2 c5 5. O-O Nc6 6. b3 Be7 7. Bb2 O-O 8. a3 b6
9. e3 Bb7 10. Nbd2 Rc8 11. c4 Ba6 12. Re1 dxc4 13. dxc5 cxb3 14. cxb6 Qxb6 15.
Nd4 Na5 16. Rb1 Rb8 17. Rc1 Bb7 18. Nc4 Nxc4 19. Rxc4 Bxg2 20. Kxg2 Qa6 21. Rc3
Bxa3 22. Bxa3 Qxa3 23. Rxb3 Qd6 24. Rxb8 Rxb8 25. Qa4 Qd5+ 26. Kg1 Qb7 27. Rd1
h6 28. Nc6 Ra8 29. Rd4 Nd5 30. Qc4 Rc8 31. Rxd5 Rxc6 32. Rd8+ Kh7 33. Qd3+ g6
34. e4 a5 35. Qd4 g5 36. Rh8+ Kg6 37. Rg8+ Kh5 38. Qd1+ g4 39. Qxg4# 1-0

[Event "Stuttgarter Stadtmeisterschaft 2010 B"]
[Site "Ditzingen"]
[Date "2010.05.13"]
[Round "1.14"]
[White "Helmbrecht, Kurt"]
[Black "Leroy, Patrick"]
[Result "0-1"]
[WhiteElo "1627"]
[BlackElo "1835"]
[PlyCount "54"]
[EventDate "2010.??.??"]
[WhiteTeam "SV Fellbach"]

1. e4 g6 2. Nf3 Bg7 3. c3 d6 4. h3 Nf6 5. Qc2 O-O 6. d4 a6 7. Bg5 b5 8. Be2 Bb7
9. Nbd2 c5 10. d5 Nbd7 11. O-O c4 12. Nd4 Rc8 13. Be3 Nc5 14. f4 e6 15. dxe6
fxe6 16. Bf3 Qe7 17. a4 e5 18. fxe5 dxe5 19. Ne2 Nxa4 20. Rfb1 Nc5 21. Kh2 Rfd8
22. Nc1 Qf8 23. b3 Bh6 24. Nf1 Bxe3 25. Nxe3 Nfxe4 26. Nf1 Qf4+ 27. Kg1 Nd2 0-1

[Event "Stuttgarter Stadtmeisterschaft 2010 B"]
[Site "Ditzingen"]
[Date "2010.05.13"]
[Round "1.15"]
[White "Drapchin, Marc"]
[Black "Strauss, Martin"]
[Result "1-0"]
[WhiteElo "1830"]
[BlackElo "1618"]
[PlyCount "91"]
[EventDate "2010.??.??"]
[WhiteTeam "SV Dicker Turm Esslingen"]
[BlackTeam "SC Sillenbuch"]

1. e4 e5 2. Bc4 Nf6 3. d4 Nxe4 4. dxe5 Qh4 5. Be3 Nxf2 6. Bxf7+ Kxf7 7. Qd5+
Ke8 8. Bxf2 Qb4+ 9. Nd2 c6 10. Qb3 Na6 11. Ngf3 Qxb3 12. axb3 Nb4 13. O-O-O Be7
14. Rhe1 a5 15. Nc4 a4 16. Nb6 Rb8 17. bxa4 Rf8 18. Kb1 Nd5 19. Nxd5 cxd5 20.
Rxd5 b6 21. Rb5 Bd8 22. b3 Bb7 23. Re3 Bc6 24. Rb4 Be7 25. Rg4 Bc5 26. Re2 Bxf3
27. gxf3 Rxf3 28. Bxc5 bxc5 29. Rxg7 c4 30. Rg8+ Rf8 31. Rxf8+ Kxf8 32. Kb2 Kf7
33. Kc3 Ke6 34. Kxc4 h5 35. b4 h4 36. b5 h3 37. a5 Rg8 38. Re3 Rg2 39. Rxh3
Rxc2+ 40. Kb3 Rc5 41. Kb4 Rxe5 42. a6 Re4+ 43. Ka5 Kd6 44. Rh8 Re1 45. Kb6 Ra1
46. a7 1-0

[Event "Stuttgarter Stadtmeisterschaft 2010 B"]
[Site "Ditzingen"]
[Date "2010.05.13"]
[Round "1.16"]
[White "Spiegelberg, Silvia"]
[Black "Peter, Silvio"]
[Result "0-1"]
[WhiteElo "1609"]
[BlackElo "1819"]
[PlyCount "65"]
[EventDate "2010.??.??"]
[WhiteTeam "SK Freiburg Zähringen 1887 e.V."]
[BlackTeam "SAbt DJK Stuttgart-Süd"]

1. e4 c6 2. d4 d5 3. f3 e6 4. Bf4 Nf6 5. Nc3 Bb4 6. Qd3 b6 7. Nge2 a5 8. Qe3
Ba6 9. a3 Be7 10. g4 dxe4 11. Nxe4 Nd5 12. Qd2 Nxf4 13. Nxf4 Bh4+ 14. Ng3 Qc7
15. Bxa6 Nxa6 16. Nfe2 O-O 17. O-O-O Rfd8 18. Qc3 b5 19. Qe3 Rd5 20. Kb1 Rad8
21. Nf4 R5d7 22. Ne4 e5 23. Ne2 c5 24. c3 b4 25. Ka2 bxc3 26. bxc3 cxd4 27.
cxd4 exd4 28. Rxd4 Rxd4 29. Nxd4 Qc4+ 30. Nb3 Rd3 31. Qb6 Qc2+ 32. Ka1 Rxb3 33.
h3 0-1

[Event "Stuttgarter Stadtmeisterschaft 2010 B"]
[Site "Ditzingen"]
[Date "2010.05.13"]
[Round "1.17"]
[White "Pocrnic, Josip"]
[Black "Balija, Cerim"]
[Result "0-1"]
[WhiteElo "1816"]
[BlackElo "1608"]
[PlyCount "64"]
[EventDate "2010.??.??"]
[WhiteTeam "SF 1954 Conweiler e.V."]
[BlackTeam "Mönchfelder SV 1967"]

1. e4 e5 2. Nf3 Nc6 3. Bb5 d6 4. d4 exd4 5. Nxd4 Bd7 6. Bxc6 bxc6 7. Nc3 g6 8.
Be3 Bg7 9. Qd2 Ne7 10. O-O O-O 11. Rad1 Re8 12. Bh6 Nc8 13. Bxg7 Kxg7 14. f4 c5
15. Nde2 Nb6 16. b3 Be6 17. Ng3 f6 18. a4 a5 19. Nd5 Nxd5 20. exd5 Bd7 21. Rde1
c4 22. bxc4 Bxa4 23. Ra1 Qd7 24. Rfe1 Rxe1+ 25. Qxe1 Bxc2 26. Rxa5 Re8 27. Qc3
Bf5 28. c5 dxc5 29. Rxc5 Re7 30. Nxf5+ Qxf5 31. Rxc7 Qb1+ 32. Kf2 Qb6+ 0-1

[Event "Stuttgarter Stadtmeisterschaft 2010 B"]
[Site "Ditzingen"]
[Date "2010.05.13"]
[Round "1.18"]
[White "Hartmann, Anatoli"]
[Black "Ostertag, Stephan"]
[Result "0-1"]
[WhiteElo "1591"]
[BlackElo "1806"]
[PlyCount "122"]
[EventDate "2010.??.??"]
[WhiteTeam "SC Gross-Sachsenheim"]
[BlackTeam "SV Urach"]

1. d4 d6 2. c4 Nf6 3. Nc3 g6 4. g3 Bg7 5. Bg2 O-O 6. Nf3 c6 7. O-O d5 8. c5
Nbd7 9. e3 Re8 10. Rb1 Qc7 11. b4 e5 12. dxe5 Nxe5 13. Nd4 Qe7 14. a4 a5 15.
Qb3 axb4 16. Qxb4 Nd3 17. Qb6 Ra6 18. Qb3 Nxc5 19. Qb4 Nce4 20. Nxe4 Nxe4 21.
Qxe7 Rxe7 22. Bxe4 Rxe4 23. Nb3 Rb6 24. a5 Rb5 25. Bd2 Rc4 26. Nd4 Rxb1 27.
Rxb1 Bxd4 28. exd4 Rxd4 29. Be3 Ra4 30. Bb6 f6 31. h4 Kf7 32. Re1 Re4 33. Rxe4
dxe4 34. Kf1 Bg4 35. Ke1 Ke6 36. Kd2 Kd5 37. Kc3 f5 38. Ba7 c5 39. Bb6 Be2 40.
Ba7 h6 41. Bb8 Kc6 42. Bf4 Kb5 43. Bd6 g5 44. hxg5 hxg5 45. Be7 f4 46. Bxg5
fxg3 47. fxg3 Kxa5 48. Be7 Kb5 49. Bd6 Kc6 50. Bf4 b5 51. Kd2 Bf3 52. Be5 Kd5
53. Ba1 b4 54. Bg7 Kc4 55. Bh6 Kb3 56. Kc1 Ka2 57. Bf8 b3 58. Bg7 e3 59. Bc3 c4
60. Bd4 e2 61. Bc3 Bg4 0-1

[Event "Stuttgarter Stadtmeisterschaft 2010 B"]
[Site "Ditzingen"]
[Date "2010.05.13"]
[Round "1.19"]
[White "Bried, Martin"]
[Black "Wendland, Viktor"]
[Result "1-0"]
[WhiteElo "1796"]
[BlackElo "1588"]
[PlyCount "71"]
[EventDate "2010.??.??"]
[WhiteTeam "Sabt SpVgg Rommelshausen"]
[BlackTeam "SV Backnang"]

1. d4 d5 2. c4 e6 3. Nc3 c6 4. Nf3 dxc4 5. e4 b5 6. Ne5 Bb7 7. Be3 Nf6 8. a3
Qc7 9. f3 a6 10. Be2 c5 11. Ng4 Nxg4 12. fxg4 cxd4 13. Qxd4 Nc6 14. Qb6 Qxb6
15. Bxb6 Be7 16. Rd1 Ne5 17. Bd4 Bf6 18. O-O O-O 19. g5 Bxg5 20. Bxe5 Rac8 21.
Bf4 Be7 22. Be3 Bc6 23. e5 a5 24. Bf3 Be8 25. Ne4 b4 26. axb4 axb4 27. Nd6 Bxd6
28. exd6 Bb5 29. Rf2 c3 30. bxc3 bxc3 31. Bb6 Ba4 32. Rc1 Rc4 33. Ra2 Rb4 34.
Ba5 Bb3 35. Bxb4 Bxa2 36. d7 1-0

[Event "Stuttgarter Stadtmeisterschaft 2010 B"]
[Site "Ditzingen"]
[Date "2010.05.13"]
[Round "1.20"]
[White "Marx, Alexander"]
[Black "Wezel, Sebastian"]
[Result "0-1"]
[WhiteElo "1570"]
[BlackElo "1793"]
[PlyCount "78"]
[EventDate "2010.??.??"]
[WhiteTeam "Pinneberger SC 1932 eV"]
[BlackTeam "SV Dettingen Erms"]

1. d4 Nf6 2. c4 c5 3. d5 b5 4. cxb5 a6 5. b6 d6 6. Qb3 Bb7 7. Nc3 Nbd7 8. e4
Nxb6 9. a4 Rb8 10. a5 Na8 11. Nf3 g6 12. Ng5 Bg7 13. Qa4+ Nd7 14. Bc4 O-O 15.
f4 h6 16. Nf3 Bc8 17. O-O Rb4 18. Qa2 Kh7 19. Bd2 Nc7 20. b3 Rb8 21. Qc2 Nb5
22. Ra4 Nf6 23. Ne2 Bg4 24. Qd3 Qc7 25. h3 Bd7 26. e5 Bf5 27. Qe3 Ne8 28. Ng3
Bd7 29. Bd3 Nd4 30. Nxd4 cxd4 31. Rxd4 dxe5 32. fxe5 Qxe5 33. Re4 Qxd5 34. Bc4
Qd6 35. Rxf7 Rxf7 36. Bxf7 Nf6 37. Rd4 Qc5 38. Kh1 e5 39. Rc4 Qe7 0-1

[Event "Stuttgarter Stadtmeisterschaft 2010 B"]
[Site "Ditzingen"]
[Date "2010.05.13"]
[Round "1.21"]
[White "Uhlarz, Jörg"]
[Black "Weigel, Curt"]
[Result "1-0"]
[WhiteElo "1792"]
[BlackElo "1554"]
[PlyCount "87"]
[EventDate "2010.??.??"]
[WhiteTeam "SC Mühlacker 1923 e.V."]
[BlackTeam "SC Magstadt"]

1. d4 Nf6 2. c4 e5 3. dxe5 Ng4 4. Nf3 Bc5 5. e3 Nc6 6. Be2 Ngxe5 7. O-O O-O 8.
Nc3 Nxf3+ 9. Bxf3 Ne5 10. Ne4 Be7 11. b3 d6 12. Bb2 Be6 13. Ng3 c6 14. Qe2 Bf6
15. Be4 h6 16. Rad1 Qc7 17. Nh5 Be7 18. h3 f6 19. f4 Nd7 20. f5 Bf7 21. Nf4 Nc5
22. Bf3 Qa5 23. Ba1 Nd7 24. Bh5 Bxh5 25. Nxh5 Ne5 26. Nf4 Rf7 27. Ne6 a6 28. a4
Qb6 29. Bd4 Qxb3 30. Bxe5 dxe5 31. Rb1 Qxa4 32. Rxb7 Qa3 33. Rf3 Qd6 34. c5 Qd5
35. e4 Bxc5+ 36. Kh1 Qd6 37. Rxf7 Kxf7 38. Rd3 Qe7 39. Qa2 Ke8 40. Qc4 a5 41.
Nxc5 Qf7 42. Ne6 Rc8 43. Qa6 Rc7 44. Qa8+ 1-0

[Event "Stuttgarter Stadtmeisterschaft 2010 B"]
[Site "Ditzingen"]
[Date "2010.05.13"]
[Round "1.22"]
[White "Keller, Marcel"]
[Black "Hennig, Jan"]
[Result "0-1"]
[WhiteElo "1552"]
[BlackElo "1783"]
[PlyCount "62"]
[EventDate "2010.??.??"]
[WhiteTeam "SSV Zuffenhausen"]
[BlackTeam "SF 59 Kornwestheim"]

1. e4 d6 2. Nf3 Nf6 3. Nc3 g6 4. Bc4 Bg7 5. O-O O-O 6. h3 c6 7. Re1 b5 8. Bb3
a5 9. a3 Nbd7 10. d3 Bb7 11. Bf4 Nc5 12. Ba2 b4 13. Ne2 Nfd7 14. Rb1 Na4 15.
Bc1 Qb6 16. c3 Nac5 17. axb4 axb4 18. Bb3 Nxb3 19. Qxb3 c5 20. Be3 Bc6 21. Qc2
Ra6 22. cxb4 Qxb4 23. Bd2 Qb6 24. b4 Rfa8 25. bxc5 Qxc5 26. Qxc5 Nxc5 27. Nc1
Ra3 28. Bb4 Nxd3 29. Bxa3 Nxe1 30. Bxd6 Nxf3+ 31. gxf3 exd6 0-1

[Event "Stuttgarter Stadtmeisterschaft 2010 B"]
[Site "Ditzingen"]
[Date "2010.05.13"]
[Round "1.23"]
[White "Zaytsev, Evgeny"]
[Black "Steinmassl, Guido"]
[Result "0-1"]
[WhiteElo "1775"]
[BlackElo "1550"]
[PlyCount "118"]
[EventDate "2010.??.??"]
[WhiteTeam "Stuttgarter SF 1879"]
[BlackTeam "SK e4 Gerlingen"]

1. e4 e5 2. Nf3 d6 3. Bb5+ Bd7 4. a4 Nf6 5. Nc3 c6 6. Bc4 Bg4 7. h3 Bxf3 8.
Qxf3 a5 9. O-O Nbd7 10. Ne2 Nc5 11. Ng3 Qd7 12. Re1 b5 13. axb5 cxb5 14. Bf1
Qc6 15. b4 Ne6 16. c3 Be7 17. Nf5 Kf8 18. bxa5 g6 19. Nxe7 Kxe7 20. Qe2 Rhb8
21. Bb2 Kf8 22. d4 exd4 23. cxd4 d5 24. Rec1 Qb7 25. exd5 Qxd5 26. Qe5 Qxe5 27.
dxe5 Ne4 28. Rd1 N4c5 29. Rd6 Nb3 30. Rb1 Nxa5 31. Bc1 Nc4 32. Rd5 Na3 33. Rb3
b4 34. Bd2 Nc2 35. Kh2 Ned4 36. Rb2 b3 37. Bc4 Ra7 38. Bg5 Rab7 39. Rd8+ Rxd8
40. Bxd8 Rb4 41. Bd3 Na3 42. Ba5 Rb8 43. Bc3 Ne6 44. f3 Nc5 45. Rd2 Nxd3 46.
Rxd3 Nc4 47. Rd1 b2 48. Rb1 Rb3 49. Bd4 Ke8 50. Kg1 Rd3 51. Bxb2 Rb3 52. Rc1
Nxb2 53. Rb1 Rb4 54. Kf1 Nd3 55. Rxb4 Nxb4 56. Ke2 Ke7 57. h4 Ke6 58. f4 Kf5
59. Kf3 h5 0-1

[Event "Stuttgarter Stadtmeisterschaft 2010 B"]
[Site "Ditzingen"]
[Date "2010.05.13"]
[Round "1.24"]
[White "Zeitler, Waldemar"]
[Black "Mainik, Andreas"]
[Result "0-1"]
[WhiteElo "1544"]
[BlackElo "1773"]
[PlyCount "73"]
[EventDate "2010.??.??"]
[WhiteTeam "SC Gross-Sachsenheim"]
[BlackTeam "SV Fellbach"]

1. d4 Nf6 2. Nc3 e6 3. f4 d5 4. Nf3 c5 5. e3 Nc6 6. Bb5 Be7 7. Ne5 Qc7 8. O-O
O-O 9. Bxc6 bxc6 10. g4 cxd4 11. exd4 Ba6 12. Ne2 c5 13. Rf3 cxd4 14. Nxd4 Bd6
15. Rc3 Qb8 16. Rb3 Qc7 17. Rc3 Qb8 18. Rb3 Qe8 19. Rh3 Ne4 20. g5 f6 21. gxf6
Rxf6 22. Be3 Bxe5 23. fxe5 Rf1+ 24. Qxf1 Bxf1 25. Rxf1 Qg6+ 26. Kh1 Rf8 27.
Rxf8+ Kxf8 28. Rf3+ Ke8 29. Nb5 Qg4 30. Rf4 Qd1+ 31. Kg2 Qe2+ 32. Bf2 Qxb5 33.
b3 Qe2 34. c4 Qxa2 35. cxd5 exd5 36. e6 Nxf2 37. Rxf2 0-1

[Event "Stuttgarter Stadtmeisterschaft 2010 B"]
[Site "Ditzingen"]
[Date "2010.05.13"]
[Round "1.25"]
[White "Schmidt, Markus"]
[Black "Awiszus, Thomas"]
[Result "1-0"]
[WhiteElo "1768"]
[BlackElo "1543"]
[PlyCount "117"]
[EventDate "2010.??.??"]
[WhiteTeam "Stuttgarter SF 1879"]
[BlackTeam "SV Fellbach"]

1. d4 Nf6 2. c4 e6 3. Nc3 Bb4 4. Qc2 c5 5. e3 Nc6 6. Nf3 O-O 7. Bd3 d5 8. a3
dxc4 9. Bxc4 cxd4 10. axb4 dxc3 11. bxc3 Bd7 12. O-O Rc8 13. Qe2 Qc7 14. Bd3 e5
15. e4 Bg4 16. Bb2 Nh5 17. Qe3 a6 18. Nh4 Nf4 19. f3 Bh5 20. g3 Nxd3 21. Qxd3
Rfd8 22. Qe3 f6 23. Rad1 Rd7 24. Rd5 Ne7 25. Rc5 Qd8 26. Rf2 Be8 27. f4 Nc6 28.
Qf3 Bf7 29. b5 axb5 30. Rxb5 Bc4 31. Rc5 Be6 32. f5 Bf7 33. Kg2 Ra8 34. Bc1 Ra5
35. Rxa5 Nxa5 36. Ba3 Rd3 37. Qe2 Nc4 38. Bb4 Rd2 39. Qe1 Rd1 40. Qe2 Rd3 41.
Kh3 Re3 42. Qc2 Bh5 43. Bc5 Kh8 44. Ng2 Rd3 45. Qb3 Nd2 46. Qxb7 Bf3 47. Rxf3
Rxf3 48. Bb4 Rd3 49. Qc6 Nf3 50. c4 Ng5+ 51. Kg4 Rb3 52. Bd6 Nf7 53. c5 Rd3 54.
Bc7 Qc8 55. Qb5 Rd4 56. Ne3 Rxe4+ 57. Kf3 Rd4 58. h3 Qa8+ 59. c6 1-0